The H-function (Record no. 4370)

MARC details
000 -LEADER
fixed length control field 00648 a2200181 4500
000 - LEADER
fixed length control field BKB
001 - CONTROL NUMBER
control field 071006
005 - DATE AND TIME OF LATEST TRANSACTION
control field 20200902150918.0
008 - FIXED-LENGTH DATA ELEMENTS--GENERAL INFORMATION
fixed length control field
082 ## - DEWEY DECIMAL CLASSIFICATION NUMBER
Classification number 515.55
Item number M42T
100 1# - MAIN ENTRY--PERSONAL NAME
Personal name Mathai, A.M.
245 1# - TITLE STATEMENT
Title The H-function
Statement of responsibility, etc by A.M. Mathai, Ram Kishore Saxena, and Hans J. Haubold
260 ## - PUBLICATION, DISTRIBUTION, ETC. (IMPRINT)
Place of publication, distribution, etc New York
Name of publisher, distributor, etc Springer
Date of publication, distribution, etc 2010
300 ## - PHYSICAL DESCRIPTION
Extent 268p.
690 ## - LOCAL SUBJECT ADDED ENTRY--TOPICAL TERM (OCLC, RLIN)
Topical term or geographic name as entry element H-functions; Physics; Mathematical physics; Mathematical statistics; Engineering mathematics; Functions, Special; Functions, Special; Hypergeometric functions
700 ## - ADDED ENTRY--PERSONAL NAME
Personal name Saxena, Ram Kishore
Numeration
Titles and other words associated with a name
700 ## - ADDED ENTRY--PERSONAL NAME
Personal name Haubold, Hans J.
Numeration
Titles and other words associated with a name
Holdings
Withdrawn status Lost status Damaged status Not for loan Home library Current library Date acquired Cost, normal purchase price Total Checkouts Full call number Barcode Date last seen Price effective from Koha item type
        Central University Of Rajasthan Central University Of Rajasthan 07/03/2012 6166.92   515.55 M42T 5293 21/11/2024 02/09/2020 Books